| 000 | 01060nam a2200301 a 4500 | ||
|---|---|---|---|
| 001 | 50192 | ||
| 003 | BD-RjUL | ||
| 005 | 20211209075455.0 | ||
| 008 | 160824s1973 ii a 001 0 eng d | ||
| 035 | _a(BD-RjUL)50312 | ||
| 040 |
_aOSU _cOSU _dOCL _dBD-RjUL _beng |
||
| 041 | _aeng | ||
| 082 |
_223 _a370.954 _bLAP 1973 |
||
| 098 | _aLa3 | ||
| 100 | 1 |
_aLaw, Narendra Nath, _d1889- _9150278 |
|
| 245 | 1 | 0 |
_aPromotion of learning in India during Muhammadan rule (by Muhammadans) / _cby Narendra Nath Law, with a foreword by H. Beveridge. |
| 260 |
_aDelhi : _bIdarah-1 Adabiyat-1, _c1973 |
||
| 300 |
_axlviii, 259 p. : _bill. ; _c25 cm. |
||
| 490 |
_aIad oriental series ; _v14 |
||
| 500 | _aInclude index | ||
| 504 | _aBibliography: p. xxxvii-xlii. | ||
| 650 | 0 |
_aEducation and state _zIndia. _9133474 |
|
| 650 | 0 |
_aCultural policy. _9150454 |
|
| 650 | 0 |
_aMuslims _zIndia. _9150455 |
|
| 700 | 1 |
_aBeveridge, Henry, _d1837-1929. _tPromotion of learning in India during Muhammadan rule. _9150456 |
|
| 830 |
_aIad oriental series ; _v14 _9149791 |
||
| 942 |
_2ddc _cBK |
||
| 999 |
_c50192 _d50192 |
||